| 000 | 01143cad a22001935a 4500 | ||
|---|---|---|---|
| 001 | E141031 | ||
| 008 | 071025e20071003stk f s000 0 eng d | ||
| 035 | _a(Sirsi) u141031 | ||
| 041 | 0 | _aeng | |
| 110 | 1 |
_aScotland _bScottish Government _95344 |
|
| 245 | 0 | 0 | _aScottish Government hosts Waste Summit |
| 260 | _c2007 | ||
| 490 | 0 |
_aScottish Government News Release _v3 October 2007 |
|
| 520 | _aMinisters have called together Scotland's local authorities, waste industry and environmental groups for talks on how to make further progress on dealing with the country's waste on the same day that new statistics showed further improvements in recycling rates. Statistics show that in 2006-07, over 100,000 tonnes less municipal waste was sent to landfill, when compared with 2005-06. It also states that SEPA's latest figures show that recycling rates have improved with 28.4 per cent of waste in Scotland in 2006/07 was recycled or composted. | ||
| 651 | 4 |
_aScotland _y1999- |
|
| 690 | _aRECYCLING | ||
| 856 | 4 | 1 |
_uhttps://www.scotland.gov.uk/News/Releases/2007/10/03132917 _zView the item free of charge at www.scotland.gov.uk... |
| 942 | _n0 | ||
| 999 |
_c79414 _d79414 |
||